[Event "Irwin/Haring/Denker/Barber/Rockefeller Championships 2021"]
[Site "Crowne Plaza Cherry Hill, United States"]
[Date "2021.08.01"]
[Round "2.5"]
[White "Tahmassebi, Bijan"]
[Black "Yip, Carissa"]
[Result "1/2-1/2"]
[TimeControl "G/90;+30"]
[BlackTitle "IM"]
[WhiteElo "2199"]
[BlackElo "2506"]

1. e4 {[%clk 01:30:58]} e5 {[%clk 01:17:46]} {[%emt 00:13:20]} 2. Nf3 {[%clk
01:31:22]} Nc6 {[%clk 01:18:13]} {[%emt 00:00:11]} 3. Bc4 {[%clk 01:31:47]} Nf6
{[%clk 01:18:37]} {[%emt 00:00:49]} 4. d3 {[%clk 01:32:12]} h6 {[%clk
01:19:03]} 5. O-O {[%clk 01:31:50]} {[%emt 00:00:23]} d6 {[%clk 01:19:27]} 6.
c3 {[%clk 01:32:08]} {[%emt 00:00:25]} g5 {[%clk 01:18:45]} {[%emt 00:00:54]} 7.
Re1 {[%clk 01:23:19]} {[%emt 00:09:53]} g4 {[%clk 01:18:57]} 8. Nfd2 {[%clk
01:23:45]} h5 {[%clk 01:19:22]} 9. Nf1 {[%clk 01:21:29]} {[%emt 00:02:55]} h4
{[%clk 01:19:50]} 10. f4 {[%clk 01:19:01]} {[%emt 00:03:17]} exf4 {[%clk
01:08:57]} {[%emt 00:11:37]} 11. Bxf4 {[%clk 01:19:26]} Nh5 {[%clk 01:09:24]}
12. Be3 {[%clk 01:06:35]} {[%emt 00:12:42]} Ne5 {[%clk 01:09:23]} {[%emt
00:00:41]} 13. d4 {[%clk 00:56:13]} {[%emt 00:11:15]} Nxc4 {[%clk 00:50:32]}
{[%emt 00:18:56]} 14. Qa4+ {[%clk 00:56:38]} Qd7 {[%clk 00:50:58]} {[%emt
00:00:15]} 15. Qxc4 {[%clk 00:57:03]} Qc6 {[%clk 00:51:26]} 16. Qxc6+ {[%clk
00:54:39]} {[%emt 00:02:49]} bxc6 {[%clk 00:51:54]} {[%emt 00:00:04]} 17. c4
{[%clk 00:54:44]} {[%emt 00:00:20]} Rb8 {[%clk 00:50:00]} {[%emt 00:02:38]} 18.
b3 {[%clk 00:53:39]} {[%emt 00:01:25]} Bg7 {[%clk 00:50:15]} {[%emt 00:00:11]}
19. Nc3 {[%clk 00:53:43]} {[%emt 00:00:26]} Nf4 {[%clk 00:49:39]} {[%emt
00:01:05]} 20. Bxf4 {[%clk 00:51:13]} {[%emt 00:03:04]} Bxd4+ {[%clk 00:47:36]}
{[%emt 00:02:28]} 21. Re3 {[%clk 00:51:39]} {[%emt 00:00:41]} Be6 {[%clk
00:46:05]} {[%emt 00:01:36]} 22. Rd1 {[%clk 00:50:51]} {[%emt 00:01:36]} Bc5
{[%clk 00:46:33]} 23. Na4 {[%clk 00:48:45]} {[%emt 00:03:20]} Bxe3+ {[%clk
00:46:58]} 24. Nxe3 {[%clk 00:49:10]} Rh5 {[%clk 00:45:45]} {[%emt 00:01:08]}
25. c5 {[%clk 00:44:48]} {[%emt 00:05:45]} dxc5 {[%clk 00:39:44]} {[%emt
00:05:36]} 26. Nb2 {[%clk 00:40:10]} {[%emt 00:04:56]} Rd8 {[%clk 00:37:45]}
{[%emt 00:02:16]} 27. Rxd8+ {[%clk 00:32:21]} {[%emt 00:08:19]} Kxd8 {[%clk
00:38:13]} {[%emt 00:00:36]} 28. Nbc4 {[%clk 00:32:05]} {[%emt 00:00:24]} f6
{[%clk 00:38:16]} {[%emt 00:00:18]} 29. Kf2 {[%clk 00:30:40]} {[%emt 00:02:00]}
Kc8 {[%clk 00:38:11]} {[%emt 00:00:30]} 30. Ke2 {[%clk 00:30:17]} {[%emt
00:00:48]} Rh8 {[%clk 00:35:17]} {[%emt 00:03:48]} 31. Kd3 {[%clk 00:22:30]}
{[%emt 00:07:55]} Rd8+ {[%clk 00:34:11]} {[%emt 00:02:27]} 32. Kc3 {[%clk
00:21:59]} {[%emt 00:00:21]} Rd4 {[%clk 00:28:16]} {[%emt 00:06:13]} 33. Nd2
{[%clk 00:22:05]} {[%emt 00:00:40]} Rd8 {[%clk 00:26:34]} {[%emt 00:02:23]} 34.
Ndc4 {[%clk 00:22:03]} {[%emt 00:00:07]} Re8 {[%clk 00:24:48]} {[%emt
00:02:13]} 35. Nd2 {[%clk 00:22:06]} {[%emt 00:00:26]} Rg8 {[%clk 00:23:12]}
{[%emt 00:02:15]} 36. Kd3 {[%clk 00:17:46]} {[%emt 00:05:54]} Kb7 {[%clk
00:22:30]} {[%emt 00:00:07]} 37. Nec4 {[%clk 00:16:30]} {[%emt 00:01:38]} Rd8+
{[%clk 00:21:55]} {[%emt 00:01:54]} 38. Kc3 {[%clk 00:16:39]} Rd7 {[%clk
00:18:47]} {[%emt 00:03:10]} 39. Be3 {[%clk 00:14:11]} {[%emt 00:03:08]} Rh7
{[%clk 00:13:40]} {[%emt 00:05:40]} 40. Bxc5 {[%clk 00:12:34]} {[%emt
00:01:54]} Ka6 {[%clk 00:12:39]} {[%emt 00:01:31]} 41. Ne3 {[%clk 00:12:09]}
{[%emt 00:00:59]} Rh5 {[%clk 00:09:18]} {[%emt 00:03:47]} 42. Bd4 {[%clk
00:12:20]} {[%emt 00:00:40]} f5 {[%clk 00:09:36]} 43. exf5 {[%clk 00:12:04]}
{[%emt 00:01:45]} Bxf5 {[%clk 00:10:04]} 44. Nxf5 {[%clk 00:09:02]} {[%emt
00:02:25]} Rxf5 {[%clk 00:10:33]} {[%emt 00:00:35]} 45. Kd3 {[%clk 00:09:07]}
Rf7 {[%clk 00:08:30]} {[%emt 00:02:42]} 46. a4 {[%clk 00:08:55]} {[%emt
00:00:51]} Kb7 {[%clk 00:05:32]} {[%emt 00:03:15]} 47. Ke2 {[%clk 00:08:16]}
{[%emt 00:01:16]} Re7+ {[%clk 00:05:29]} {[%emt 00:00:18]} 48. Be3 {[%clk
00:08:21]} {[%emt 00:00:41]} c5 {[%clk 00:05:37]} 49. h3 {[%clk 00:07:12]}
{[%emt 00:01:38]} gxh3 {[%clk 00:04:57]} {[%emt 00:01:43]} 50. gxh3 {[%clk
00:07:38]} Kc6 {[%clk 00:05:24]} 51. Nf3 {[%clk 00:07:47]} Kd5 {[%clk
00:05:33]} {[%emt 00:00:35]} 52. Kd3 {[%clk 00:07:30]} {[%emt 00:00:28]} Re4
{[%clk 00:04:08]} {[%emt 00:02:25]} 53. Nd2 {[%clk 00:06:57]} {[%emt 00:00:34]}
Rb4 {[%clk 00:04:24]} {[%emt 00:00:23]} 54. Kc3 {[%clk 00:06:45]} {[%emt
00:01:02]} Rb8 {[%clk 00:04:20]} {[%emt 00:00:07]} 55. Bg5 {[%clk 00:04:41]}
{[%emt 00:02:32]} Rg8 {[%clk 00:03:46]} {[%emt 00:01:19]} 56. Bxh4 {[%clk
00:04:58]} {[%emt 00:00:20]} Rh8 {[%clk 00:04:15]} 57. Bg5 {[%clk 00:03:57]}
{[%emt 00:01:11]} Rxh3+ {[%clk 00:04:43]} {[%emt 00:00:04]} 58. Kc2 {[%clk
00:04:19]} {[%emt 00:00:06]} Rh5 {[%clk 00:03:34]} {[%emt 00:01:37]} 59. Be3
{[%clk 00:04:38]} {[%emt 00:00:13]} Rh8 {[%clk 00:03:40]} {[%emt 00:00:36]} 60.
Nc4 {[%clk 00:04:12]} {[%emt 00:01:10]} Rb8 {[%clk 00:03:28]} {[%emt 00:00:36]}
61. Kc3 {[%clk 00:04:15]} {[%emt 00:00:08]} 1/2-1/2

[Event "Irwin/Haring/Denker/Barber/Rockefeller Championships 2021"]
[Site "Crowne Plaza Cherry Hill, United States"]
[Date "2021.08.01"]
[Round "2.6"]
[White "Liu, Kelsey"]
[Black "Yan, Ruiyang"]
[Result "0-1"]
[TimeControl "G/90;+30"]
[BlackTitle "WCM"]
[WhiteElo "1981"]
[BlackElo "2245"]

1. e4 {[%clk 01:28:17]} {[%emt 00:02:50]} c5 {[%clk 01:30:51]} {[%emt
00:00:33]} 2. Nf3 {[%clk 01:28:41]} d6 {[%clk 01:31:16]} 3. d4 {[%clk
01:29:00]} cxd4 {[%clk 01:31:42]} 4. Nxd4 {[%clk 01:29:26]} {[%emt 00:00:09]}
Nf6 {[%clk 01:32:05]} 5. Nc3 {[%clk 01:29:51]} {[%emt 00:00:04]} a6 {[%clk
01:32:32]} {[%emt 00:00:10]} 6. Bg5 {[%clk 01:30:16]} Nbd7 {[%clk 01:32:56]}
{[%emt 00:00:14]} 7. Bc4 {[%clk 01:30:11]} {[%emt 00:00:45]} Qb6 {[%clk
01:33:03]} {[%emt 00:00:09]} 8. Bb3 {[%clk 01:29:53]} {[%emt 00:00:56]} e6
{[%clk 01:33:20]} {[%emt 00:00:20]} 9. Qd2 {[%clk 01:29:45]} {[%emt 00:00:17]}
Be7 {[%clk 01:33:37]} {[%emt 00:00:15]} 10. O-O-O {[%clk 01:29:59]} {[%emt
00:00:23]} Nc5 {[%clk 01:33:55]} {[%emt 00:00:05]} 11. Rhe1 {[%clk 01:29:33]}
{[%emt 00:01:11]} Qc7 {[%clk 01:32:17]} {[%emt 00:01:50]} 12. f4 {[%clk
01:29:21]} {[%emt 00:01:15]} O-O {[%clk 01:15:12]} {[%emt 00:17:01]} 13. e5
{[%clk 01:26:26]} {[%emt 00:03:25]} dxe5 {[%clk 01:15:35]} {[%emt 00:00:10]} 14.
fxe5 {[%clk 01:26:50]} {[%emt 00:00:12]} Ne8 {[%clk 01:15:34]} {[%emt
00:00:36]} 15. Bxe7 {[%clk 01:26:14]} {[%emt 00:00:53]} Qxe7 {[%clk 01:15:57]}
{[%emt 00:00:11]} 16. Qe3 {[%clk 01:26:12]} {[%emt 00:00:30]} Qc7 {[%clk
01:06:27]} {[%emt 00:10:04]} 17. g4 {[%clk 01:18:12]} {[%emt 00:08:23]} b5
{[%clk 00:55:40]} {[%emt 00:11:18]} 18. g5 {[%clk 01:05:36]} {[%emt 00:13:19]}
Bb7 {[%clk 00:48:30]} {[%emt 00:07:26]} 19. h4 {[%clk 01:05:45]} {[%emt
00:00:43]} Rc8 {[%clk 00:45:29]} {[%emt 00:03:21]} 20. Re2 {[%clk 00:54:59]}
{[%emt 00:11:16]} Qa5 {[%clk 00:43:16]} {[%emt 00:02:41]} 21. h5 {[%clk
00:50:40]} {[%emt 00:04:54]} b4 {[%clk 00:34:24]} {[%emt 00:09:06]} 22. Nb1
{[%clk 00:49:57]} {[%emt 00:01:26]} Nxb3+ {[%clk 00:29:46]} {[%emt 00:05:33]}
23. axb3 {[%clk 00:45:16]} {[%emt 00:04:42]} Nc7 {[%clk 00:28:11]} {[%emt
00:02:31]} 24. Qg3 {[%clk 00:38:11]} {[%emt 00:06:59]} Qb6 {[%clk 00:21:05]}
{[%emt 00:07:35]} 25. g6 {[%clk 00:32:50]} {[%emt 00:06:02]} fxg6 {[%clk
00:21:25]} {[%emt 00:00:08]} 26. hxg6 {[%clk 00:33:15]} h6 {[%clk 00:21:41]}
{[%emt 00:00:11]} 27. Red2 {[%clk 00:25:39]} {[%emt 00:08:07]} Nd5 {[%clk
00:20:38]} {[%emt 00:01:32]} 28. Qg1 {[%clk 00:17:40]} {[%emt 00:08:33]} a5
{[%clk 00:14:34]} {[%emt 00:06:42]} 29. Rf1 {[%clk 00:17:14]} {[%emt 00:01:01]}
Ba6 {[%clk 00:11:05]} {[%emt 00:03:43]} 30. Rfd1 {[%clk 00:11:37]} {[%emt
00:06:10]} Nf4 {[%clk 00:09:35]} {[%emt 00:01:56]} 31. Qg4 {[%clk 00:05:04]}
{[%emt 00:07:43]} Rcd8 {[%clk 00:07:39]} {[%emt 00:02:28]} 32. c3 {[%clk
00:01:57]} {[%emt 00:02:54]} Rc8 {[%clk 00:03:27]} {[%emt 00:05:04]} 33. Kc2
{[%clk 00:01:06]} {[%emt 00:01:12]} Qb7 {[%clk 00:02:22]} {[%emt 00:01:46]} 34.
Nxe6 {[%clk 00:00:44]} {[%emt 00:00:29]} Qe4+ {[%clk 00:02:44]} {[%emt
00:00:39]} 35. Kc1 {[%clk 00:00:44]} {[%emt 00:00:18]} Nd3+ {[%clk 00:02:48]}
{[%emt 00:01:33]} 36. Rxd3 {[%clk 00:01:07]} Qxg4 {[%clk 00:03:13]} 37. Nxf8
{[%clk 00:00:38]} Bxd3 {[%clk 00:03:30]} 0-1

[Event "Irwin/Haring/Denker/Barber/Rockefeller Championships 2021"]
[Site "Crowne Plaza Cherry Hill, United States"]
[Date "2021.08.01"]
[Round "2.7"]
[White "Chasin, Nico Werner"]
[Black "Ye, Chen-Chen"]
[Result "1-0"]
[TimeControl "G/90;+30"]
[WhiteTitle "FM"]
[WhiteElo "2411"]
[BlackElo "2037"]

1. d4 {[%clk 01:23:32]} {[%emt 00:07:53]} Nf6 {[%clk 01:30:55]} 2. c4 {[%clk
01:23:57]} g6 {[%clk 01:31:24]} 3. Nc3 {[%clk 01:24:21]} Bg7 {[%clk 01:31:52]}
4. e4 {[%clk 01:24:45]} d6 {[%clk 01:32:20]} {[%emt 00:00:04]} 5. Be2 {[%clk
01:25:10]} {[%emt 00:00:04]} O-O {[%clk 01:32:45]} {[%emt 00:00:04]} 6. Be3
{[%clk 01:25:36]} {[%emt 00:00:54]} c5 {[%clk 01:31:27]} {[%emt 00:01:31]} 7.
d5 {[%clk 01:25:31]} {[%emt 00:00:29]} e6 {[%clk 01:31:48]} 8. Nf3 {[%clk
01:25:55]} exd5 {[%clk 01:32:14]} 9. cxd5 {[%clk 01:26:21]} Bg4 {[%clk
01:31:34]} {[%emt 00:01:03]} 10. Nd2 {[%clk 01:26:45]} {[%emt 00:00:14]} Bxe2
{[%clk 01:31:43]} {[%emt 00:00:48]} 11. Qxe2 {[%clk 01:27:10]} Nbd7 {[%clk
01:26:27]} {[%emt 00:05:39]} 12. O-O {[%clk 01:25:59]} {[%emt 00:01:38]} Ne8
{[%clk 01:17:22]} {[%emt 00:09:20]} 13. f4 {[%clk 01:17:08]} {[%emt 00:09:18]}
f5 {[%clk 01:08:43]} {[%emt 00:09:19]} 14. Nf3 {[%clk 01:16:06]} {[%emt
00:01:16]} h6 {[%clk 00:53:56]} {[%emt 00:15:44]} 15. Bf2 {[%clk 01:11:29]}
{[%emt 00:04:42]} fxe4 {[%clk 00:44:52]} {[%emt 00:09:52]} 16. Qxe4 {[%clk
01:11:20]} {[%emt 00:00:38]} Kh7 {[%clk 00:44:12]} {[%emt 00:00:57]} 17. Nh4
{[%clk 01:07:03]} {[%emt 00:04:51]} Qf6 {[%clk 00:40:43]} {[%emt 00:04:25]} 18.
Qd3 {[%clk 01:04:49]} {[%emt 00:02:11]} c4 {[%clk 00:31:51]} {[%emt 00:09:21]}
19. Qg3 {[%clk 01:05:03]} {[%emt 00:00:45]} Nc5 {[%clk 00:26:12]} {[%emt
00:06:37]} 20. Rae1 {[%clk 01:02:50]} {[%emt 00:02:10]} Nc7 {[%clk 00:25:41]}
{[%emt 00:00:45]} 21. Bxc5 {[%clk 01:03:12]} {[%emt 00:00:04]} dxc5 {[%clk
00:26:09]} {[%emt 00:00:19]} 22. f5 {[%clk 01:03:41]} g5 {[%clk 00:22:02]}
{[%emt 00:04:43]} 23. Ng6 {[%clk 01:01:12]} {[%emt 00:02:55]} Rf7 {[%clk
00:17:42]} {[%emt 00:05:15]} 24. Re5 {[%clk 00:56:45]} {[%emt 00:04:12]} Qd8
{[%clk 00:13:59]} {[%emt 00:04:19]} 25. Ne4 {[%clk 00:51:09]} {[%emt 00:06:31]}
Bxe5 {[%clk 00:13:05]} {[%emt 00:01:09]} 26. Nxe5 {[%clk 00:51:28]} {[%emt
00:00:16]} Qxd5 {[%clk 00:11:19]} {[%emt 00:02:10]} 27. Nxf7 {[%clk 00:51:32]}
{[%emt 00:00:39]} Qxf7 {[%clk 00:11:39]} 28. Qe5 {[%clk 00:51:29]} {[%emt
00:00:59]} Rf8 {[%clk 00:07:56]} {[%emt 00:03:38]} 29. Qxc5 {[%clk 00:51:27]}
{[%emt 00:01:01]} Ne6 {[%clk 00:02:54]} {[%emt 00:05:02]} 30. Qxc4 {[%clk
00:50:45]} {[%emt 00:01:13]} Nf4 {[%clk 00:03:08]} {[%emt 00:00:41]} 31. Qc2
{[%clk 00:49:10]} {[%emt 00:01:35]} Qxf5 {[%clk 00:02:07]} {[%emt 00:01:23]} 32.
Kh1 {[%clk 00:48:27]} {[%emt 00:01:16]} Qg6 {[%clk 00:01:22]} {[%emt 00:01:14]}
33. Rd1 {[%clk 00:44:26]} {[%emt 00:04:36]} Rf7 {[%clk 00:01:05]} {[%emt
00:00:49]} 34. Rd6 {[%clk 00:43:23]} {[%emt 00:01:32]} Ne6 {[%clk 00:00:41]}
{[%emt 00:00:47]} 35. h4 {[%clk 00:42:53]} {[%emt 00:01:09]} Qf5 {[%clk
00:00:46]} {[%emt 00:00:23]} 36. Rxe6 {[%clk 00:42:44]} {[%emt 00:00:43]} gxh4
{[%clk 00:00:40]} {[%emt 00:00:25]} 37. Qd3 {[%clk 00:41:46]} {[%emt 00:01:28]}
1-0

[Event "Irwin/Haring/Denker/Barber/Rockefeller Championships 2021"]
[Site "Crowne Plaza Cherry Hill, United States"]
[Date "2021.08.01"]
[Round "2.8"]
[White "Deng, Henry"]
[Black "Restelli, Enzo"]
[Result "1-0"]
[TimeControl "G/90;+30"]
[WhiteElo "1993"]
[BlackElo "1655"]

1. e4 {[%clk 01:30:59]} {[%emt 00:00:43]} e6 {[%clk 01:30:47]} 2. d4 {[%clk
01:31:22]} d5 {[%clk 01:31:10]} 3. Nd2 {[%clk 01:31:48]} Nf6 {[%clk 01:31:34]}
4. e5 {[%clk 01:32:06]} {[%emt 00:00:17]} Nfd7 {[%clk 01:31:58]} 5. Bd3 {[%clk
01:32:24]} {[%emt 00:00:52]} c5 {[%clk 01:32:18]} 6. c3 {[%clk 01:32:44]} Nc6
{[%clk 01:32:41]} 7. Ne2 {[%clk 01:32:58]} {[%emt 00:00:14]} cxd4 {[%clk
01:32:57]} 8. cxd4 {[%clk 01:33:21]} {[%emt 00:00:22]} f6 {[%clk 01:33:13]} 9.
exf6 {[%clk 01:33:23]} {[%emt 00:01:19]} Nxf6 {[%clk 01:33:34]} 10. Nf3 {[%clk
01:33:38]} Bd6 {[%clk 01:33:42]} 11. O-O {[%clk 01:33:55]} {[%emt 00:00:17]}
Qc7 {[%clk 01:33:46]} {[%emt 00:00:20]} 12. Re1 {[%clk 01:33:53]} {[%emt
00:00:24]} O-O {[%clk 01:34:03]} {[%emt 00:01:39]} 13. g3 {[%clk 01:32:59]} Ng4
{[%clk 01:33:30]} {[%emt 00:01:25]} 14. Nc3 {[%clk 01:32:11]} {[%emt 00:01:22]}
Qf7 {[%clk 01:28:46]} {[%emt 00:04:46]} 15. Be2 {[%clk 01:26:57]} {[%emt
00:06:47]} e5 {[%clk 01:20:03]} {[%emt 00:08:31]} 16. dxe5 {[%clk 01:25:23]}
{[%emt 00:02:09]} Ncxe5 {[%clk 01:19:07]} {[%emt 00:01:49]} 17. Bf4 {[%clk
01:25:15]} Nxf3+ {[%clk 01:17:55]} {[%emt 00:01:32]} 18. Bxf3 {[%clk 01:25:29]}
{[%emt 00:00:49]} Bxf4 {[%clk 01:15:50]} {[%emt 00:02:01]} 19. Bxd5 {[%clk
01:25:34]} {[%emt 00:00:30]} Nxf2 {[%clk 01:11:36]} {[%emt 00:05:14]} 20. Bxf7+
{[%clk 01:25:48]} {[%emt 00:00:07]} Kh8 {[%clk 01:11:40]} {[%emt 00:00:09]} 21.
Kxf2 {[%clk 01:25:47]} {[%emt 00:00:20]} Bf5 {[%clk 01:11:22]} {[%emt
00:01:21]} 22. gxf4 {[%emt 00:00:46]} 1-0

[Event "Irwin/Haring/Denker/Barber/Rockefeller Championships 2021"]
[Site "Crowne Plaza Cherry Hill, United States"]
[Date "2021.08.01"]
[Round "2.9"]
[White "Shlyakhtenko, Robert"]
[Black "Sethuraman, Sandeep"]
[Result "1-0"]
[TimeControl "G/90;+30"]
[WhiteTitle "FM"]
[WhiteElo "2469"]
[BlackElo "2194"]

1. c4 {[%clk 01:30:55]} Nf6 {[%clk 01:30:55]} 2. Nc3 {[%clk 01:30:51]} e5
{[%clk 01:31:17]} 3. e3 {[%clk 01:31:13]} Nc6 {[%clk 01:30:11]} {[%emt
00:01:56]} 4. Nf3 {[%clk 01:31:21]} Bb4 {[%clk 01:18:55]} {[%emt 00:12:10]} 5.
Qc2 {[%clk 01:31:12]} {[%emt 00:00:12]} d6 {[%clk 01:17:23]} {[%emt 00:02:03]}
6. Ne2 {[%clk 01:30:47]} {[%emt 00:00:54]} a5 {[%clk 01:13:24]} {[%emt
00:04:36]} 7. a3 {[%clk 01:31:02]} {[%emt 00:00:18]} Bc5 {[%clk 01:13:51]} 8.
b3 {[%clk 01:31:24]} {[%emt 00:00:07]} O-O {[%clk 01:12:06]} {[%emt 00:02:24]}
9. Ng3 {[%clk 01:31:34]} {[%emt 00:00:24]} Re8 {[%clk 01:05:05]} {[%emt
00:07:13]} 10. Bd3 {[%clk 01:19:17]} {[%emt 00:12:46]} h6 {[%clk 01:03:04]}
{[%emt 00:02:32]} 11. Bb2 {[%clk 01:16:01]} {[%emt 00:03:47]} a4 {[%clk
00:58:33]} {[%emt 00:05:05]} 12. bxa4 {[%clk 01:05:13]} {[%emt 00:11:11]} Bd7
{[%clk 00:58:15]} {[%emt 00:01:17]} 13. Ne4 {[%clk 01:03:47]} {[%emt 00:01:26]}
Nxe4 {[%clk 00:58:12]} {[%emt 00:00:34]} 14. Bxe4 {[%clk 01:04:13]} {[%emt
00:00:08]} Qe7 {[%clk 00:43:22]} {[%emt 00:15:31]} 15. O-O {[%clk 01:02:05]}
{[%emt 00:02:40]} Nd8 {[%clk 00:42:42]} {[%emt 00:00:52]} 16. d4 {[%clk
01:01:46]} {[%emt 00:01:21]} Bxa4 {[%clk 00:39:23]} {[%emt 00:03:48]} 17. Qd3
{[%clk 01:01:55]} exd4 {[%clk 00:37:59]} {[%emt 00:01:56]} 18. Bh7+ {[%clk
01:02:19]} Kh8 {[%clk 00:38:23]} {[%emt 00:00:09]} 19. exd4 {[%clk 01:02:43]}
Qe2 {[%clk 00:33:16]} {[%emt 00:05:44]} 20. Qc3 {[%clk 00:56:31]} {[%emt
00:06:57]} Kxh7 {[%clk 00:32:58]} {[%emt 00:00:21]} 21. Rfe1 {[%clk 00:55:47]}
{[%emt 00:01:19]} Qxe1+ {[%clk 00:32:19]} {[%emt 00:01:11]} 22. Rxe1 {[%clk
00:55:23]} {[%emt 00:00:46]} Rxe1+ {[%clk 00:32:42]} {[%emt 00:00:50]} 23. Qxe1
{[%clk 00:55:12]} Bb6 {[%clk 00:32:35]} {[%emt 00:00:38]} 24. d5 {[%clk
00:54:50]} {[%emt 00:00:50]} f6 {[%clk 00:31:40]} {[%emt 00:01:47]} 25. Qe4+
{[%clk 00:51:47]} {[%emt 00:03:21]} Kg8 {[%clk 00:29:52]} {[%emt 00:02:09]} 26.
Qg6 {[%clk 00:51:37]} {[%emt 00:01:02]} Kf8 {[%clk 00:30:01]} 27. Nh4 {[%clk
00:51:58]} {[%emt 00:00:09]} Be8 {[%clk 00:30:25]} {[%emt 00:00:11]} 28. Qh7
{[%clk 00:52:03]} {[%emt 00:00:16]} 1-0

[Event "Irwin/Haring/Denker/Barber/Rockefeller Championships 2021"]
[Site "Crowne Plaza Cherry Hill, United States"]
[Date "2021.08.01"]
[Round "2.10"]
[White "Vittal, Sanjana"]
[Black "Tien, Sophie"]
[Result "0-1"]
[TimeControl "G/90;+30"]
[WhiteTitle "WFM"]
[WhiteElo "2182"]
[BlackElo "1916"]

1. e4 {[%clk 01:30:56]} e5 {[%clk 01:30:46]} 2. Bc4 {[%clk 01:31:19]} Nc6
{[%clk 01:30:41]} 3. Nc3 {[%clk 01:31:41]} {[%emt 00:00:20]} Nf6 {[%clk
01:28:49]} {[%emt 00:02:17]} 4. d3 {[%clk 01:32:02]} Bc5 {[%clk 01:24:16]}
{[%emt 00:05:00]} 5. f4 {[%clk 01:31:06]} {[%emt 00:01:27]} d6 {[%clk
01:22:36]} {[%emt 00:02:19]} 6. Nf3 {[%clk 01:31:13]} {[%emt 00:00:16]} a6
{[%clk 01:20:13]} {[%emt 00:03:03]} 7. f5 {[%clk 01:26:16]} {[%emt 00:05:25]}
Na5 {[%clk 01:14:18]} {[%emt 00:06:22]} 8. Bg5 {[%clk 01:21:27]} {[%emt
00:05:11]} b5 {[%clk 01:07:53]} {[%emt 00:06:54]} 9. Bb3 {[%clk 01:18:09]}
{[%emt 00:03:48]} Nxb3 {[%clk 01:06:45]} {[%emt 00:01:38]} 10. axb3 {[%clk
01:18:33]} {[%emt 00:00:47]} Bb7 {[%clk 01:05:35]} {[%emt 00:01:00]} 11. Qe2
{[%clk 01:15:35]} {[%emt 00:03:31]} Qd7 {[%clk 01:04:33]} {[%emt 00:02:09]} 12.
Be3 {[%clk 01:11:28]} {[%emt 00:04:02]} Qe7 {[%clk 01:03:25]} {[%emt 00:01:57]}
13. Bxc5 {[%clk 01:09:06]} {[%emt 00:04:04]} dxc5 {[%clk 01:03:44]} 14. O-O
{[%clk 01:07:50]} {[%emt 00:01:22]} O-O-O {[%clk 00:52:10]} {[%emt 00:11:35]}
15. Qf2 {[%clk 01:03:51]} {[%emt 00:03:58]} Rhg8 {[%clk 00:39:58]} {[%emt
00:13:15]} 16. h3 {[%clk 00:59:37]} {[%emt 00:04:14]} Qd6 {[%clk 00:39:06]}
{[%emt 00:01:50]} 17. Kh1 {[%clk 00:56:07]} {[%emt 00:03:33]} h5 {[%clk
00:30:10]} {[%emt 00:09:58]} 18. Qg3 {[%clk 00:49:38]} {[%emt 00:06:20]} Rde8
{[%clk 00:29:53]} {[%emt 00:00:59]} 19. Qg5 {[%clk 00:47:23]} {[%emt 00:03:28]}
Kb8 {[%clk 00:29:00]} {[%emt 00:00:28]} 20. Nd2 {[%clk 00:38:45]} {[%emt
00:09:39]} g6 {[%clk 00:25:17]} {[%emt 00:03:43]} 21. Qe3 {[%clk 00:29:05]}
{[%emt 00:10:18]} g5 {[%clk 00:24:21]} {[%emt 00:01:16]} 22. g3 {[%clk
00:23:56]} {[%emt 00:05:39]} Nd7 {[%clk 00:20:59]} {[%emt 00:04:18]} 23. Kh2
{[%clk 00:18:39]} {[%emt 00:05:25]} f6 {[%clk 00:21:15]} {[%emt 00:01:04]} 24.
Ra2 {[%clk 00:17:35]} {[%emt 00:00:59]} Nb6 {[%clk 00:20:46]} {[%emt 00:00:39]}
25. Rfa1 {[%clk 00:15:50]} {[%emt 00:02:22]} Rd8 {[%clk 00:19:43]} {[%emt
00:01:32]} 26. Qe2 {[%clk 00:12:03]} {[%emt 00:04:12]} h4 {[%clk 00:19:12]}
{[%emt 00:01:09]} 27. g4 {[%clk 00:11:45]} {[%emt 00:00:57]} Qc6 {[%clk
00:17:18]} {[%emt 00:02:27]} 28. Re1 {[%clk 00:09:05]} {[%emt 00:02:49]} Rd7
{[%clk 00:17:12]} {[%emt 00:00:39]} 29. Raa1 {[%clk 00:07:52]} {[%emt
00:01:45]} Rgd8 {[%clk 00:16:18]} {[%emt 00:01:19]} 30. Rad1 {[%clk 00:06:36]}
{[%emt 00:01:53]} b4 {[%clk 00:13:13]} {[%emt 00:03:48]} 31. Ncb1 {[%clk
00:06:03]} {[%emt 00:01:04]} a5 {[%clk 00:13:18]} {[%emt 00:00:11]} 32. Nf1
{[%clk 00:05:21]} {[%emt 00:01:17]} a4 {[%clk 00:12:15]} {[%emt 00:01:34]} 33.
bxa4 {[%clk 00:05:05]} {[%emt 00:01:02]} c4 {[%clk 00:08:57]} {[%emt 00:03:39]}
34. Ne3 {[%clk 00:00:56]} {[%emt 00:04:27]} cxd3 {[%clk 00:05:45]} {[%emt
00:03:56]} 35. cxd3 {[%clk 00:01:20]} Nxa4 {[%clk 00:03:33]} {[%emt 00:02:49]}
36. Nc4 {[%clk 00:01:04]} {[%emt 00:00:24]} Nc5 {[%clk 00:03:14]} {[%emt
00:00:55]} 37. Rd2 {[%clk 00:00:36]} {[%emt 00:00:50]} Nxd3 {[%clk 00:01:26]}
{[%emt 00:02:44]} 38. Na5 {[%clk 00:01:02]} Qa4 {[%clk 00:01:08]} {[%emt
00:00:30]} 39. Nxb7 {[%clk 00:01:25]} {[%emt 00:00:38]} Kxb7 {[%clk 00:01:36]}
40. Qe3 {[%clk 00:00:51]} {[%emt 00:00:55]} Nf4 {[%clk 00:01:34]} {[%emt
00:00:52]} 41. b3 {[%clk 00:00:41]} Rxd2+ {[%clk 00:01:20]} {[%emt 00:00:38]}
42. Nxd2 {[%clk 00:00:58]} {[%emt 00:00:33]} Qa2 {[%clk 00:01:39]} {[%emt
00:00:03]} 43. Rd1 {[%clk 00:01:14]} {[%emt 00:00:07]} Qc2 {[%clk 00:02:02]}
{[%emt 00:00:05]} 44. Qe1 {[%clk 00:01:04]} {[%emt 00:00:45]} Rd3 {[%clk
00:02:13]} {[%emt 00:00:27]} 45. Kh1 {[%clk 00:00:44]} {[%emt 00:00:43]} Rxh3+
{[%clk 00:02:27]} {[%emt 00:00:08]} 46. Kg1 {[%clk 00:01:13]} {[%emt 00:00:36]}
Qc5+ {[%clk 00:02:32]} 47. Qf2 {[%clk 00:01:27]} {[%emt 00:00:39]} Rh1+ {[%clk
00:02:53]} 0-1